00305nam a2200121Ia 4500003000400000008004100004020002300045040000800068100001900076245003800095260004000133300001000173LDD181101s9999 xx 000 0 und d a8187231920c300.00 cLDD aHanfi, Shameem 0aKhayal ki musaafatcShameem Hanfi aDelhibTakhleeqkar Publishersc2007 a336p.